| 000 | 00353nam a2200133Ia 4500 | ||
|---|---|---|---|
| 005 | 20251222141929.0 | ||
| 008 | 251222s9999||||xx |||||||||||||| ||spa|| | ||
| 020 | _a958-20-0674-9 | ||
| 082 | _a372.7/G24 | ||
| 100 | _aGarcía O., Gloria | ||
| 245 | 0 | _aCurrículo y Evaluación en Matemáticas: | |
| 264 | _bCooperativa Editorial Magisterio | ||
| 942 | _cLIB | ||
| 999 |
_c8958 _d8958 |
||